| 000 | 00498nam a2200169Ia 4500 | ||
|---|---|---|---|
| 008 | 151213s9999 xx 000 0 und d | ||
| 020 | _a984-508-313-7 | ||
| 082 |
_a310.5492 _b310.5492 |
||
| 100 | _aBangladesh Bureou of Statistics | ||
| 245 |
_aHousehold Expenditure 1995-96 _cBangladesh Bureou of Statistics |
||
| 260 |
_aDhaka _bB B S _c1998 |
||
| 300 | _a6387 p. | ||
| 650 | _aReference | ||
| 650 | _aStatistics Report : Reference | ||
| 700 | _aBangladesh Bureou of Statistics | ||
| 999 |
_c3521 _d3521 |
||